[Event "ODJM B 2015"]
[Site "Willingen GER"]
[Date "2015.05.29"]
[Round "8"]
[White "Wiemann, Daniel"]
[Black "Reuker, Ronja"]
[Result "1-0"]
[Termination "normal"]
[Board "17"]
[WhiteElo "1419"]
[BlackElo "1102"]
[PlyCount "120"]
[WhiteFideId "12942944"]
[BlackFideId "12947172"]
[EventCountry "GER"]
[EventRounds "9"]
[EventType "swiss"]
[EventDate "2015.05.23"]

1. d4 f5 2. Bg5 h6 3. Bf4 Nf6 4. e3 e6 5. Bd3 Nc6 6. a3 d5 7. Ne2 Bd6 8. Bg3
Qe7 9. Nd2 Bd7 10. c4 dxc4 11. Nxc4 e5 12. dxe5 Nxe5 13. Nxe5 Bxe5 14. Qc2 Qe6
15. Bxe5 Qxe5 16. O-O-O O-O-O 17. Kb1 Kb8 18. Rc1 g6 19. g3 Bc6 20. Nf4 Rhg8
21. Rhd1 Qa5 22. Qc3 Qxc3 23. bxc3 Ng4 24. Bc4 Nxf2 25. Rf1 Be4+ 26. Ka1 Nd3
27. Bxg8 Nxc1 28. Bc4 g5 29. Ne6 Bd3 30. Rxc1 Rd6 31. Bxd3 Rxd3 32. Ng7 Rd5 33.
Rf1 Rd3 34. Nxf5 Rxc3 35. Kb2 Rc6 36. Nxh6 a6 37. Nf7 Re6 38. Re1 Rf6 39. Nxg5
Rf2+ 40. Ka1 Rxh2 41. e4 Kc8 42. e5 Kd7 43. Rd1+ Ke7 44. e6 Kf6 45. Nf3 Re2 46.
Re1 Rxe1+ 47. Nxe1 Kxe6 48. Kb2 Kf5 49. Nd3 Kg4 50. Nc5 Kxg3 51. Nxb7 Kf4 52.
Nc5 Ke5 53. Nxa6 Kd6 54. Kb3 Kc6 55. Kb4 Kb6 56. Nc5 c6 57. a4 Kc7 58. Ka5 Kd6
59. Kb6 Ke7 60. a5 Kd8 1-0

[Event "ODJM B 2015"]
[Site "Willingen GER"]
[Date "2015.05.29"]
[Round "8"]
[White "Nimptsch, Nikolas"]
[Black "Seliokaite, Ana"]
[Result "1-0"]
[Termination "normal"]
[Board "18"]
[WhiteElo "1302"]
[BlackElo "1085"]
[PlyCount "111"]
[WhiteFideId "16245334"]
[BlackFideId "16224817"]
[EventCountry "GER"]
[EventRounds "9"]
[EventType "swiss"]
[EventDate "2015.05.23"]

1. e4 c5 2. Nf3 Nc6 3. d4 cxd4 4. Nxd4 g6 5. Nc3 Bg7 6. Be3 Nf6 7. Qd2 O-O 8.
Be2 d5 9. O-O-O Be6 10. Nxe6 fxe6 11. Bh6 Nxe4 12. Nxe4 Qb6 13. Bxg7 Kxg7 14.
Ng5 Nd8 15. Qc3+ Rf6 16. Qd4 Qxd4 17. Rxd4 Rxf2 18. Bf3 Rc8 19. c3 Nc6 20. Rd2
Rxd2 21. Kxd2 Kf6 22. Nxh7+ Kg7 23. Ng5 Kf6 24. h4 Ne5 25. Rf1 Nc4+ 26. Kc1 Ne3
27. Rf2 d4 28. Bxb7+ Nf5 29. Bxc8 e5 30. g4 Kg7 31. gxf5 gxf5 32. Rxf5 Kh6 33.
Rxe5 d3 34. Rxe7 Kh5 35. Rxa7 Kxh4 36. Nf3+ Kg3 37. Ne5 d2+ 38. Kxd2 Kf4 39.
Nd3+ Kg5 40. Rf7 Kg6 41. Rf1 Kg5 42. Ke3 Kg6 43. Ke4 Kg5 44. Rf2 Kg6 45. Ke5
Kg7 46. Ke6 Kg8 47. Ke7 Kg7 48. Rg2+ Kh6 49. Kf7 Kh5 50. Kf6 Kh4 51. Kf5 Kh3
52. Rg8 Kh2 53. Ke4 Kh1 54. Kf3 Kh2 55. Kf2 Kh1 56. Rh8# 1-0

[Event "ODJM B 2015"]
[Site "Willingen GER"]
[Date "2015.05.29"]
[Round "8"]
[White "Knerr, Sebastian"]
[Black "Zimmer, Claudius"]
[Result "1/2-1/2"]
[Termination "normal"]
[Board "19"]
[WhiteElo "1259"]
[BlackElo "1105"]
[PlyCount "83"]
[WhiteFideId "16266013"]
[EventCountry "GER"]
[EventRounds "9"]
[EventType "swiss"]
[EventDate "2015.05.23"]

1. e4 e5 2. Nf3 Nc6 3. Bc4 Bc5 4. c3 Nf6 5. d4 exd4 6. e5 d5 7. Bb5 Ne4 8. cxd4
Bb4+ 9. Bd2 Bxd2+ 10. Nbxd2 Bg4 11. Qc2 O-O 12. Bxc6 Bxf3 13. Nxf3 bxc6 14.
Qxc6 Rb8 15. b3 Rb6 16. Qc2 Qe7 17. O-O f6 18. exf6 Rfxf6 19. Rae1 Rbc6 20. Qb2
Qd8 21. Nd2 Nxd2 22. Qxd2 Rg6 23. Re5 Rce6 24. Rfe1 Qd6 25. f4 Rxe5 26. fxe5
Qb6 27. Qe3 Qe6 28. Qc3 c6 29. Qc5 Qd7 30. Rf1 h6 31. Qf8+ Kh7 32. Qf7 Qg4 33.
Qf2 h5 34. g3 h4 35. Qf4 Qxf4 36. Rxf4 hxg3 37. hxg3 Rxg3+ 38. Kf2 Rg6 39. Rf7
a5 40. Rf8 Rg4 41. Ke3 Re4+ 42. Kd3 1/2-1/2

[Event "ODJM B 2015"]
[Site "Willingen GER"]
[Date "2015.05.29"]
[Round "8"]
[White "Bardorz, Stefan"]
[Black "Straßburg, Robin"]
[Result "1-0"]
[Termination "normal"]
[Board "20"]
[WhiteElo "1241"]
[BlackElo "1028"]
[PlyCount "153"]
[WhiteFideId "16245474"]
[BlackFideId "16210018"]
[EventCountry "GER"]
[EventRounds "9"]
[EventType "swiss"]
[EventDate "2015.05.23"]

1. e4 d5 2. exd5 Qxd5 3. Nc3 Qa5 4. d4 c6 5. Nf3 Bf5 6. Bd2 Qc7 7. Bc4 e6 8.
Qe2 Be7 9. O-O-O Nd7 10. Rhe1 Nb6 11. Bb3 O-O-O 12. h3 Bf6 13. g4 Bg6 14. Be3
Ne7 15. h4 Ned5 16. h5 Nxc3 17. bxc3 Be4 18. Nd2 Bd5 19. c4 Bxc4 20. Nxc4 Nxc4
21. Bxc4 Qa5 22. Bb3 c5 23. Qc4 b6 24. c3 Kb8 25. Kb2 cxd4 26. cxd4 Rc8 27. Bd2
Rxc4 28. Bxa5 Rxd4 29. Rxd4 Bxd4+ 30. Bc3 Bxc3+ 31. Kxc3 Rc8+ 32. Kb2 Rd8 33.
Re2 Rd4 34. f3 Rd3 35. Rf2 Rd7 36. f4 h6 37. g5 Re7 38. Re2 Kc7 39. Kc3 Kd6 40.
Kd4 f6 41. gxf6 gxf6 42. Rg2 e5+ 43. fxe5+ Rxe5 44. Rg6 Rxh5 45. Rxf6+ Kc7 46.
Rf7+ Kb8 47. Rh7 b5 48. Ke4 a5 49. Kd3 Rh4 50. Kc3 Ka8 51. Kb2 Kb8 52. Bd1 Rh3
53. Bb3 Rh4 54. Kc3 a4 55. Bd5 b4+ 56. Kc2 b3+ 57. axb3 axb3+ 58. Kxb3 Kc8 59.
Be6+ Kb8 60. Kc3 Ka8 61. Kd3 Kb8 62. Ke3 Ka8 63. Kf3 Kb8 64. Kg3 Rb4 65. Rxh6
Kc7 66. Kf3 Kb7 67. Bd5+ Kc7 68. Ke3 Kd7 69. Be4 Rb3+ 70. Kd4 Rb4+ 71. Ke5 Rb5+
72. Bd5 Ra5 73. Rh7+ Kc8 74. Kd6 Ra6+ 75. Bc6 Kb8 76. Rh8+ Ka7 77. Kc7 1-0

[Event "ODJM B 2015"]
[Site "Willingen GER"]
[Date "2015.05.29"]
[Round "8"]
[White "Arnold, Alexandria"]
[Black "Fromm, Marius"]
[Result "0-1"]
[Termination "normal"]
[Board "22"]
[WhiteElo "1174"]
[BlackElo "1328"]
[PlyCount "84"]
[WhiteFideId "16205383"]
[BlackFideId "12993190"]
[EventCountry "GER"]
[EventRounds "9"]
[EventType "swiss"]
[EventDate "2015.05.23"]

1. e4 e6 2. d4 d5 3. exd5 exd5 4. Nf3 Nf6 5. Bd3 c5 6. c3 Bg4 7. Bg5 Nc6 8. Bb5
Bd6 9. O-O O-O 10. dxc5 Bxc5 11. Bxf6 gxf6 12. h3 Bh5 13. Be2 Kh8 14. Qd2 Rg8
15. Qh6 Bg6 16. Nbd2 Qd7 17. Nh4 Rg7 18. Rfe1 Rag8 19. Bg4 f5 20. Bf3 Be7 21.
Rad1 Qd8 22. Nxg6+ fxg6 23. Qe3 Bg5 24. Qd3 Ne7 25. Nb3 Re8 26. Bxd5 Nxd5 27.
Rxe8+ Qxe8 28. Qxd5 Qe2 29. Rb1 Re7 30. Qd8+ Kg7 31. Qd4+ Bf6 32. Qxa7 Qc2 33.
Rc1 Qxb2 34. c4 b5 35. Qa6 bxc4 36. Rxc4 Re1+ 37. Kh2 Be5+ 38. f4 Qb1 39. fxe5
Rh1+ 40. Kg3 Qe1+ 41. Kf4 Rf1+ 42. Kg5 h6# 0-1

[Event "ODJM B 2015"]
[Site "Willingen GER"]
[Date "2015.05.29"]
[Round "8"]
[White "Burdot, Louis"]
[Black "Kalina, Joshua"]
[Result "0-1"]
[Termination "normal"]
[Board "23"]
[WhiteElo "1113"]
[BlackElo "1298"]
[PlyCount "104"]
[WhiteFideId "4004760"]
[EventCountry "GER"]
[EventRounds "9"]
[EventType "swiss"]
[EventDate "2015.05.23"]

1. e4 e5 2. Nf3 Nc6 3. d4 exd4 4. Nxd4 Bc5 5. Be3 Qf6 6. c3 Nge7 7. g3 O-O 8.
Bg2 Bb6 9. O-O d6 10. Re1 Re8 11. Na3 h6 12. Nc4 Be6 13. Nxb6 axb6 14. a3 Bd7
15. Nxc6 Nxc6 16. Bf4 Re7 17. Qd3 Rae8 18. Qf1 Ne5 19. Re3 Ng6 20. Rae1 Nxf4
21. gxf4 Qxf4 22. Qd3 Qg5 23. Kh1 Bc6 24. Qd4 Re5 25. Rg3 Qf6 26. Rge3 Qxf2 27.
b4 Qf6 28. Rf1 Qg6 29. Rg3 Rg5 30. Rxg5 Qxg5 31. Qc4 Qg6 32. Rg1 Bxe4 33. Bxe4
Qxe4+ 34. Qxe4 Rxe4 35. Rc1 f5 36. c4 Re5 37. Kg2 Kf7 38. Kf3 Kf6 39. h4 g5 40.
hxg5+ hxg5 41. Kf2 f4 42. Kf3 Kf5 43. Kf2 g4 44. Kg2 g3 45. Kf3 Re3+ 46. Kg2
Kg4 47. Kf1 f3 48. Kg1 Rxa3 49. c5 bxc5 50. bxc5 dxc5 51. Rxc5 Ra1+ 52. Rc1
Rxc1# 0-1

[Event "ODJM B 2015"]
[Site "Willingen GER"]
[Date "2015.05.29"]
[Round "8"]
[White "Frank, Cillian"]
[Black "Schulze, Lukas"]
[Result "0-1"]
[Termination "normal"]
[Board "24"]
[WhiteElo "954"]
[BlackElo "1252"]
[PlyCount "70"]
[WhiteFideId "16245202"]
[BlackFideId "12956856"]
[EventCountry "GER"]
[EventRounds "9"]
[EventType "swiss"]
[EventDate "2015.05.23"]

1. e4 c6 2. f3 d5 3. c4 Nf6 4. Nc3 dxe4 5. Nxe4 Nxe4 6. fxe4 e5 7. Nf3 Bg4 8.
d3 c5 9. Be2 Nc6 10. b3 Nd4 11. Nxd4 cxd4 12. Bxg4 Bb4+ 13. Bd2 Bxd2+ 14. Qxd2
Qh4+ 15. Qf2 Qxg4 16. h3 Qg6 17. g4 a5 18. a4 Qd6 19. Qd2 h5 20. g5 Rf8 21. Rf1
Qe6 22. Qg2 f5 23. gxf6 gxf6 24. Qg6+ Qf7 25. Qxf7+ Kxf7 26. Rg1 Rg8 27. Kf2
Ke6 28. Kf3 Kd6 29. Ke2 Rg5 30. Rxg5 fxg5 31. Rg1 Rg8 32. Rg3 g4 33. h4 Rf8 34.
Ke1 Rf3 35. Rxf3 gxf3 0-1

[Event "ODJM B 2015"]
[Site "Willingen GER"]
[Date "2015.05.29"]
[Round "8"]
[White "Rapp, Lukas"]
[Black "Voltmer, Victor"]
[Result "0-1"]
[Termination "normal"]
[Board "25"]
[WhiteElo "1627"]
[BlackElo "1104"]
[PlyCount "102"]
[WhiteFideId "12989320"]
[EventCountry "GER"]
[EventRounds "9"]
[EventType "swiss"]
[EventDate "2015.05.23"]

1. e4 e5 2. Nf3 Nc6 3. d4 exd4 4. Bc4 Bb4+ 5. c3 dxc3 6. Nxc3 Bxc3+ 7. bxc3 Nf6
8. O-O d6 9. Re1 Bg4 10. h3 Bxf3 11. Qxf3 Ne5 12. Qe2 Nxc4 13. Qxc4 O-O 14. Ba3
Re8 15. Rad1 Qc8 16. Qb3 Nxe4 17. f3 Nf6 18. Rxe8+ Nxe8 19. Rb1 b6 20. Qd5 Rb8
21. Re1 Nf6 22. Qg5 Qa6 23. Qc1 Re8 24. Rxe8+ Nxe8 25. Qe1 Kf8 26. Qc1 Nf6 27.
Kh2 Nd5 28. Qg5 Ne7 29. Qc1 c5 30. c4 Qa4 31. Qc3 a6 32. Qb3 Qxb3 33. axb3 b5
34. cxb5 axb5 35. Bb2 c4 36. b4 Nc6 37. Bc3 d5 38. Kg3 d4 39. Be1 c3 40. Kf2
Nxb4 41. Ke2 Na2 42. Kd3 Ke7 43. Kc2 Nb4+ 44. Kb3 Nc6 45. g3 Kd6 46. Bf2 Kc5
47. Bg1 Na5+ 48. Kc2 Kc4 49. Bf2 Nc6 50. f4 Kb4 51. g4 Ka3 0-1

[Event "ODJM B 2015"]
[Site "Willingen GER"]
[Date "2015.05.29"]
[Round "8"]
[White "Reuter, Marek"]
[Black "Blinov, Sergei"]
[Result "1-0"]
[Termination "normal"]
[Board "26"]
[WhiteElo "955"]
[BlackElo "1242"]
[PlyCount "103"]
[WhiteFideId "16226712"]
[EventCountry "GER"]
[EventRounds "9"]
[EventType "swiss"]
[EventDate "2015.05.23"]

1. e4 c6 2. Nc3 d5 3. f4 dxe4 4. Nxe4 Bf5 5. Ng3 Bg6 6. f5 Bxf5 7. Nxf5 e6 8.
Qe2 Bc5 9. Nf3 g6 10. Ng7+ Kf8 11. b3 Nf6 12. Nxe6+ fxe6 13. Qxe6 Qe7 14. Qxe7+
Kxe7 15. Bb2 Nbd7 16. O-O-O Rhf8 17. d4 Bb4 18. c3 Bd6 19. Re1+ Kd8 20. Ng5 Rg8
21. Bc4 Nd5 22. Bxd5 cxd5 23. Nxh7 Kc7 24. g3 Rae8 25. Kd2 Be7 26. h4 Rh8 27.
Ng5 Bxg5+ 28. hxg5 Rxe1 29. Rxh8 Rg1 30. Rg8 Rxg3 31. Rxg6 Nf8 32. Rg7+ Kb6 33.
Ba3 Ne6 34. Rg6 Rg2+ 35. Ke3 Rxa2 36. Rxe6+ Kc7 37. g6 Rg2 38. Re7+ Kb6 39. g7
Rg3+ 40. Kf4 Rg1 41. Kf5 Rf1+ 42. Kg6 Rg1+ 43. Kf7 Rf1+ 44. Ke8 Rg1 45. Kf8
Rf1+ 46. Rf7 Ra1 47. g8=Q Rxa3 48. Qg6+ Ka5 49. Rxb7 Rxb3 50. Rxb3 Ka4 51. Qb1
a5 52. Qa2# 1-0

[Event "ODJM B 2015"]
[Site "Willingen GER"]
[Date "2015.05.29"]
[Round "8"]
[White "Lohrmann, Linus"]
[Black "Grunert, Wilhelm"]
[Result "1-0"]
[Termination "normal"]
[Board "27"]
[WhiteElo "911"]
[BlackElo "1205"]
[PlyCount "175"]
[WhiteFideId "12982857"]
[BlackFideId "12995673"]
[EventCountry "GER"]
[EventRounds "9"]
[EventType "swiss"]
[EventDate "2015.05.23"]

1. e4 d5 2. exd5 Qxd5 3. Nc3 Qa5 4. d4 Nf6 5. Bc4 c6 6. Bd2 Qc7 7. Nf3 Bg4 8.
Qe2 e6 9. O-O-O Bd6 10. h3 Bh5 11. g4 Bg6 12. Bg5 Nbd7 13. h4 Bf4+ 14. Bxf4
Qxf4+ 15. Kb1 Nxg4 16. d5 Nxf2 17. Qxf2 Qxc4 18. Rd4 Qc5 19. h5 Bf5 20. Re1
O-O-O 21. Ng5 Qe7 22. Qxf5 h6 23. Qxf7 Qxg5 24. dxe6 Ne5 25. Rxd8+ Rxd8 26. Qf2
Qxh5 27. Qxa7 Nf3 28. Rc1 Qe5 29. Qf2 Nd2+ 30. Ka1 Qxe6 31. Re1 Qf6 32. Qe2 Qf5
33. Rc1 Rd6 34. Qe8+ Kc7 35. Qe7+ Qd7 36. Qe2 Re6 37. Qh2+ Qd6 38. Qg2 g5 39.
Rd1 Kc8 40. a3 Kc7 41. Rxd2 Re1+ 42. Ka2 Qe6+ 43. b3 Qe5 44. Kb2 Re3 45. Qh2
Qxh2 46. Rxh2 Re6 47. Rf2 Re7 48. Rf6 Rh7 49. Rg6 Kd7 50. Ne4 Ke7 51. a4 Kf7
52. Rf6+ Ke8 53. c4 h5 54. Nxg5 Rh8 55. Kc3 h4 56. Rf3 Rg8 57. Re3+ Kd7 58. Nh3
Rg3 59. Rxg3 hxg3 60. Kb4 Ke6 61. Kc5 Kf5 62. a5 Kg4 63. Ng1 g2 64. Kb6 Kg3 65.
Kxb7 Kh2 66. Nf3+ Kg3 67. Ng1 Kf2 68. a6 Kxg1 69. a7 Kf1 70. a8=Q g1=Q 71. Qa1+
Kg2 72. Qxg1+ Kxg1 73. Kxc6 Kf2 74. b4 Ke3 75. b5 Kd4 76. b6 Kxc4 77. b7 Kd4
78. b8=Q Ke4 79. Qd6 Kf5 80. Qe7 Kg6 81. Qf8 Kh7 82. Qf4 Kg6 83. Kd6 Kh5 84.
Qg3 Kh6 85. Qg4 Kh7 86. Ke6 Kh8 87. Kf6 Kh7 88. Qg7# 1-0

[Event "ODJM B 2015"]
[Site "Willingen GER"]
[Date "2015.05.29"]
[Round "8"]
[White "Reyher, Bastian"]
[Black "Theile, Cedric"]
[Result "0-1"]
[Termination "normal"]
[Board "28"]
[WhiteElo "1084"]
[BlackElo "1116"]
[PlyCount "88"]
[WhiteFideId "12927465"]
[BlackFideId "16283228"]
[EventCountry "GER"]
[EventRounds "9"]
[EventType "swiss"]
[EventDate "2015.05.23"]

1. e4 e5 2. Nf3 Nc6 3. Bc4 Bc5 4. c3 Nf6 5. d4 exd4 6. cxd4 Bb6 7. Nc3 d6 8. h3
O-O 9. O-O Qe7 10. Re1 Na5 11. Bd3 h6 12. Bf4 Nh5 13. Bg3 Nxg3 14. fxg3 Qf6 15.
Nb5 Qg6 16. Kh2 f5 17. e5 a6 18. Nc3 Rf7 19. b4 Nc6 20. Qb3 Kh8 21. e6 Re7 22.
d5 Bf2 23. Re2 Qxg3+ 24. Kh1 Bd4 25. Rf1 Qg6 26. Nh4 Qg3 27. Nxf5 Qxd3 28. Nxe7
Nxe7 29. Rf8+ Kh7 30. Re4 Bxc3 31. Ref4 Ng6 32. R4f7 Nxf8 33. Rxf8 Qe3 34. Qb1+
g6 35. Rf7+ Bg7 36. e7 Bd7 37. h4 h5 38. Qa1 Rg8 39. Kh2 Kh6 40. Qf1 Re8 41.
Rf8 Qxe7 42. Qc1+ Kh7 43. Rf3 Qxh4+ 44. Rh3 Bxh3 0-1

[Event "ODJM B 2015"]
[Site "Willingen GER"]
[Date "2015.05.29"]
[Round "8"]
[White "Grey, Anna"]
[Black "Raasch, Hauke"]
[Result "1/2-1/2"]
[Termination "normal"]
[Board "29"]
[WhiteElo "853"]
[BlackElo "1107"]
[PlyCount "137"]
[WhiteFideId "16226917"]
[BlackFideId "16210034"]
[EventCountry "GER"]
[EventRounds "9"]
[EventType "swiss"]
[EventDate "2015.05.23"]

1. c4 e5 2. Nc3 Nc6 3. e4 d6 4. d3 g6 5. a3 a5 6. Bd2 Bg7 7. Nf3 Nge7 8. Be2
O-O 9. O-O h6 10. Qc1 Kh7 11. Ne1 f5 12. exf5 Nxf5 13. Nc2 Nfd4 14. Nxd4 Nxd4
15. Bd1 Bf5 16. Qb1 Bf6 17. Ne2 Bg5 18. Bxg5 Qxg5 19. Ng3 Be6 20. Qc1 Qe7 21.
Bc2 Bf5 22. Qd2 Nxc2 23. Qxc2 Bd7 24. Rad1 Bc6 25. Qe2 Rae8 26. Rde1 h5 27. f3
Qh4 28. b3 Qd4+ 29. Rf2 h4 30. Nf1 Rf5 31. Kh1 g5 32. g4 hxg3 33. Nxg3 Rf7 34.
Ne4 Bxe4 35. Qxe4+ Qxe4 36. Rxe4 Rf4 37. Rxf4 gxf4 38. Rg2 Ra8 39. h3 a4 40.
bxa4 Rxa4 41. Rb2 b6 42. Ra2 Kg6 43. Kg2 Kg5 44. Kh2 Kh4 45. Kg2 Ra8 46. Kh2
Rb8 47. a4 Ra8 48. Ra1 Ra5 49. Ra3 d5 50. cxd5 Rxd5 51. Rc3 Ra5 52. Rxc7 Rxa4
53. Re7 Ra2+ 54. Kg1 Kxh3 55. Rxe5 Kg3 56. Kf1 Kxf3 57. Ke1 Rb2 58. Kd1 b5 59.
Kc1 Rb3 60. Kc2 Ra3 61. Rxb5 Kg2 62. Rg5+ Kf2 63. d4 Rg3 64. Re5 Kf1 65. d5 f3
66. d6 f2 67. d7 Kg2 68. d8=Q f1=Q 69. Qd5+ 1/2-1/2

[Event "ODJM B 2015"]
[Site "Willingen GER"]
[Date "2015.05.29"]
[Round "8"]
[White "Burdot, Clara"]
[Black "Brunner, Alexander"]
[Result "0-1"]
[Termination "normal"]
[Board "30"]
[WhiteElo "1046"]
[BlackElo "840"]
[PlyCount "106"]
[WhiteFideId "4004779"]
[BlackFideId "12965278"]
[EventCountry "GER"]
[EventRounds "9"]
[EventType "swiss"]
[EventDate "2015.05.23"]

1. e4 d5 2. exd5 Qxd5 3. Nc3 Qa5 4. d4 Nf6 5. Nf3 c6 6. Bd2 Bg4 7. Bc4 Qc7 8.
O-O Nbd7 9. Re1 O-O-O 10. Bxf7 e6 11. Bxe6 Bd6 12. Bxd7+ Rxd7 13. g3 Rf8 14.
Bg5 h6 15. Bxf6 Rxf6 16. Re3 c5 17. dxc5 Bxc5 18. Re8+ Rd8 19. Nd5 Bxf3 20.
Nxc7 Bxd1 21. Rxd1 Rxe8 22. Nxe8 Rxf2 23. Nxg7 Rd2+ 24. Kf1 Rxd1+ 25. Ke2 Rh1
26. Ne6 Bd6 27. Nf4 Bxf4 28. gxf4 Rxh2+ 29. Kd3 Rf2 30. Ke3 Rxc2 31. f5 Kd8 32.
Ke4 h5 33. f6 Ke8 34. Kf5 h4 35. Kg4 Kf7 36. Kxh4 Kxf6 37. Kg4 Rxb2 38. Kf4
Rxa2 39. Ke4 Ke6 40. Kd4 Kd6 41. Ke4 Kc5 42. Ke3 a5 43. Ke4 Rd2 44. Ke3 Rd8 45.
Ke4 a4 46. Ke3 a3 47. Ke4 a2 48. Ke3 a1=Q 49. Ke4 Qe1+ 50. Kf5 Rf8+ 51. Kg6
Qg1+ 52. Kh7 Rf2 53. Kh6 Rh2# 0-1

[Event "ODJM B 2015"]
[Site "Willingen GER"]
[Date "2015.05.29"]
[Round "8"]
[White "Prudlik, Finn Olmse"]
[Black "Jacoby, Angelina"]
[Result "0-1"]
[Termination "normal"]
[Board "31"]
[WhiteElo "948"]
[BlackElo "886"]
[PlyCount "157"]
[WhiteFideId "16209923"]
[BlackFideId "12999008"]
[EventCountry "GER"]
[EventRounds "9"]
[EventType "swiss"]
[EventDate "2015.05.23"]

1. e4 e5 2. Nf3 Nc6 3. Bc4 Bc5 4. b4 Bd4 5. c3 Bb6 6. d4 d6 7. d5 Nce7 8. O-O
Nf6 9. Nbd2 Ng6 10. Re1 Nh5 11. Bb5+ Bd7 12. Bxd7+ Qxd7 13. a4 a6 14. Nf1 Ngf4
15. Ng3 Nxg3 16. hxg3 Nh5 17. Ng5 Nxg3 18. Qf3 h6 19. Nh3 g5 20. Qxg3 g4 21. a5
Ba7 22. Nf4 exf4 23. Qxf4 h5 24. e5 O-O-O 25. exd6 Qxd6 26. Qxf7 Qxd5 27. Qg7
Qf5 28. Be3 Bxe3 29. fxe3 Rhe8 30. Rf1 Qe4 31. Rae1 Rd2 32. Rf2 Rd3 33. Rf7 Qc6
34. Qh7 Rdxe3 35. Rxe3 Rxe3 36. Qf5+ Kb8 37. Qg5 Re2 38. Qd8+ Ka7 39. Qd4+ Kb8
40. Rf8+ Re8 41. Rf6 Qa4 42. Kh2 Qa2 43. Qd7 Qe2 44. Rf7 Rc8 45. Re7 Qf2 46. c4
Qf4+ 47. g3 Qf2+ 48. Kh1 Qxg3 49. b5 Qf2 50. bxa6 bxa6 51. Rf7 Qe2 52. c5 g3
53. Qh3 Qd2 54. Qxg3 Qd5+ 55. Rf3 Qxc5 56. Rb3+ Ka7 57. Qg2 Rb8 58. Rd3 Qxa5
59. Rd7 Rb1+ 60. Kh2 Qe5+ 61. Qg3 Qxg3+ 62. Kxg3 a5 63. Rxc7+ Rb7 64. Rc5 Ka6
65. Rxh5 a4 66. Kf3 a3 67. Kf2 a2 68. Rh1 Rb1 69. Rh6+ Ka5 70. Rh5+ Ka4 71.
Rh4+ Ka3 72. Rh3+ Kb2 73. Kf3 a1=Q 74. Rh2+ Ka3 75. Rh8 Qxh8 76. Ke3 Rb4 77.
Kf3 Qc3+ 78. Kg2 Rb2+ 79. Kg1 0-1

[Event "ODJM B 2015"]
[Site "Willingen GER"]
[Date "2015.05.29"]
[Round "8"]
[White "Winkin, Pol"]
[Black "Fischer, Sören"]
[Result "1-0"]
[Termination "normal"]
[Board "32"]
[WhiteElo "937"]
[BlackElo "931"]
[PlyCount "37"]
[WhiteFideId "4004787"]
[EventCountry "GER"]
[EventRounds "9"]
[EventType "swiss"]
[EventDate "2015.05.23"]

1. d4 d5 2. Bf4 Bf5 3. e3 e6 4. Nf3 Bd6 5. Ne5 Bxe5 6. Bxe5 f6 7. Bf4 Nc6 8.
Bd3 Bxd3 9. cxd3 e5 10. dxe5 fxe5 11. Bg3 d4 12. Qa4 Qd7 13. O-O O-O-O 14. Nd2
dxe3 15. fxe3 Qxd3 16. Nc4 Re8 17. Rad1 Qe4 18. Nb6+ cxb6 19. Qxe4 1-0

[Event "ODJM B 2015"]
[Site "Willingen GER"]
[Date "2015.05.29"]
[Round "8"]
[White "Schneider, Katharina"]
[Black "Reichel, Sara"]
[Result "0-1"]
[Termination "normal"]
[Board "33"]
[WhiteElo "1084"]
[BlackElo "866"]
[PlyCount "102"]
[WhiteFideId "16200519"]
[BlackFideId "16245130"]
[EventCountry "GER"]
[EventRounds "9"]
[EventType "swiss"]
[EventDate "2015.05.23"]

1. e4 c5 2. Nf3 Nc6 3. d4 cxd4 4. Nxd4 g6 5. Nc3 Bg7 6. Be3 Nf6 7. f3 O-O 8. g4
Qb6 9. b3 Nxg4 10. fxg4 Bxd4 11. Na4 Qb4+ 12. Bd2 Qd6 13. Nc3 Bxc3 14. Bxc3 Qf4
15. Bg2 d6 16. Bf3 Qe3+ 17. Qe2 Qxc3+ 18. Kf2 Nd4 19. Qd1 Nxc2 20. Rc1 Qe3+ 21.
Kg2 Nd4 22. Rf1 b6 23. h4 Bb7 24. h5 Bxe4 25. Bxe4 Qxe4+ 26. Kh3 Qe3+ 27. Kh2
Rac8 28. Rxc8 Rxc8 29. Re1 Qf4+ 30. Kg1 Nf3+ 31. Kf1 Nxe1+ 32. Kxe1 Rc1 33.
Qxc1 Qxc1+ 34. Ke2 f5 35. gxf5 g5 36. h6 Qg1 37. a4 g4 38. b4 g3 39. a5 g2 40.
axb6 axb6 41. b5 Qf1+ 42. Ke3 g1=Q+ 43. Ke4 Qd1 44. Kf4 Qde1 45. f6 e5+ 46. Kf5
Qg6+ 47. Ke6 Qf7+ 48. Kf5 Qd7+ 49. Kg5 Qf1 50. Kh5 Qdf5+ 51. Kh4 Q1f2# 0-1

[Event "ODJM B 2015"]
[Site "Willingen GER"]
[Date "2015.05.29"]
[Round "8"]
[White "Schott, Jan"]
[Black "Semukhin, Sophia"]
[Result "0-1"]
[Termination "normal"]
[Board "34"]
[WhiteElo "907"]
[BlackElo "798"]
[PlyCount "78"]
[EventCountry "GER"]
[EventRounds "9"]
[EventType "swiss"]
[EventDate "2015.05.23"]

1. e4 e5 2. Nf3 Nc6 3. Bc4 Bc5 4. c3 Nf6 5. d4 exd4 6. cxd4 Bb4+ 7. Nc3 Bxc3+
8. bxc3 Nxe4 9. O-O O-O 10. d5 Na5 11. Qd3 Re8 12. Re1 Nc5 13. Rxe8+ Qxe8 14.
Qd4 d6 15. Bf4 Bg4 16. Re1 Qa4 17. Bh6 gxh6 18. Qxg4+ Kf8 19. Nd2 Re8 20. Rxe8+
Qxe8 21. Qd4 Qe1+ 22. Nf1 Qe4 23. Qxe4 Nxe4 24. Ne3 Nxc4 25. Nxc4 Nxc3 26. Kf1
Nxa2 27. Ke1 Ke7 28. Kd2 Nb4 29. Ne3 c6 30. Nf5+ Kd7 31. Nxh6 Ke7 32. Nf5+ Kd7
33. Nh6 Ke8 34. Nf5 Kd7 35. Nh6 f6 36. Kc3 Nxd5+ 37. Kc4 b5+ 38. Kb3 c5 39. Nf5
a5 0-1

[Event "ODJM B 2015"]
[Site "Willingen GER"]
[Date "2015.05.30"]
[Round "9"]
[White "Kose, Robert Paul"]
[Black "Morio, Estelle"]
[Result "1/2-1/2"]
[Termination "normal"]
[Board "1"]
[WhiteElo "1453"]
[BlackElo "1685"]
[WhiteClock "00:20:53"]
[BlackClock "00:32:12"]
[PlyCount "88"]
[WhiteFideId "12982067"]
[BlackFideId "12951951"]
[EventCountry "GER"]
[EventRounds "9"]
[EventType "swiss"]
[EventDate "2015.05.23"]

1. e4 d6 2. d4 Nf6 3. Nc3 Nbd7 4. Nf3 e5 5. Bc4 Be7 6. O-O O-O 7. Re1 c6 8. a4
a5 9. h3 h6 10. b3 Qc7 11. Ba3 Re8 12. Qd2 Nf8 13. Rad1 Nh5 14. Bb2 Nf4 15. Ne2
Nxe2+ 16. Rxe2 Bf6 17. dxe5 dxe5 18. Qd6 Qxd6 19. Rxd6 Nd7 20. Rd1 Nc5 21. Nh2
h5 22. f3 Be6 23. Bxe6 Nxe6 24. Nf1 Rad8 25. Red2 Rxd2 26. Rxd2 Bg5 27. Rd1 f6
28. g3 Kf7 29. Ba3 Nd4 30. c3 Ne2+ 31. Kf2 Nxc3 32. Rd7+ Kg8 33. Rxb7 Rd8 34.
Rc7 Rd3 35. Rxc6 Nb1 36. Rc8+ Kh7 37. Bf8 Bh6 38. Rb8 Nd2 39. Nxd2 Rxd2+ 40.
Ke1 Rd3 41. Kf2 Rd2+ 42. Kf1 Rd1+ 43. Ke2 Rd2+ 44. Kf1 Rd1+ 1/2-1/2

[Event "ODJM B 2015"]
[Site "Willingen GER"]
[Date "2015.05.30"]
[Round "9"]
[White "Thumm, Niklas"]
[Black "Grunert, Friedrich"]
[Result "1-0"]
[Termination "normal"]
[Board "2"]
[WhiteElo "1510"]
[BlackElo "1492"]
[WhiteClock "00:17:35"]
[BlackClock "00:28:50"]
[PlyCount "103"]
[WhiteFideId "12918733"]
[BlackFideId "12995592"]
[EventCountry "GER"]
[EventRounds "9"]
[EventType "swiss"]
[EventDate "2015.05.23"]

1. e4 e6 2. d4 d5 3. Nd2 c5 4. c3 Nc6 5. Ngf3 Qb6 6. Bd3 cxd4 7. cxd4 Nxd4 8.
Nxd4 Qxd4 9. Nf3 Qb6 10. O-O Nf6 11. e5 Nd7 12. Qa4 Bc5 13. a3 a6 14. Rb1 Qc6
15. Qg4 g6 16. Bh6 Qb6 17. b4 Be7 18. Rfe1 Bf8 19. Bd2 h5 20. Qh3 Be7 21. Rbc1
Nf8 22. Bg5 Bxg5 23. Nxg5 Nh7 24. Nf3 Bd7 25. Rc3 Bb5 26. Rec1 O-O 27. Bb1 Rfd8
28. Qg3 Nf8 29. Nh4 Be8 30. Qg5 Qd4 31. h3 a5 32. Rb3 Rac8 33. Re1 axb4 34. Nf3
Qa7 35. Rxb4 Qxa3 36. Rxb7 Rd7 37. Rxd7 Bxd7 38. Nh4 Qb4 39. Rf1 Nh7 40. Qg3
Rc3 41. f3 Bb5 42. Re1 d4 43. Nxg6 d3 44. Nf4+ Kf8 45. Qh4 Qc5+ 46. Kh2 Qa3 47.
Qd8+ Kg7 48. Nxh5+ Kh6 49. Qg8 Kxh5 50. Qxh7+ Kg5 51. h4+ Kf4 52. Re4# 1-0